埼玉西武ライオンズコーチクイズ - Statistics

General Stats
  • This quiz has been taken 13 times
  • The average score is 12 of 24
Answer Stats
役職 応援歌 Answer % Correct
監督 投げ放つ勇姿は 全てを越えて今日もみんなの胸に 刻み込まれゆく 西口文也
100%
野手チーフ兼打撃コーチ 勝利運ぶ一撃 気迫のスイング一振り闘志燃やし担え巨人を 背番号8 仁志敏久
91%
三軍野手コーチ 心に秘めた想いを フルスイングでぶちかませ継続は力になるから 自分を信じて突っ走れ 木村文紀
73%
ヘッドコーチ 活気溢れる眼差し 見ているスタンドからダイナミックに構えた お前が眩しい 鳥越裕介
64%
外野守備・走塁コーチ オオオ… 魅せろ(選手名)速球貫け 打て進め ギアを上げて加速しろ 魅せろ(選手名) 熊代聖人
64%
三軍野手コーチ 魅せろ(選手名)打ちまくれ プライドかけて熱くなれ敵を蹴散らせなぎ倒せ 度胸みせろ(選手名) 岡田雅利
64%
投手チーフコーチ 応援歌なし 豊田清
55%
バッテリーコーチ 応援歌なし 中田祥多
55%
打撃コーチ 33番光る 恐怖の左バッター唸る鋭いヒットで 勝利へ繋げ 立花義家
55%
三軍野手コーチ さあこの場所で輝け 根性見せてくれ男の意地かけて立ち上がれ 勝負だ(選手名) 鬼崎裕司
55%
投手コーチ 応援歌なし 大石達也
45%
内野守備・走塁コーチ 頼むぞ(選手名)勝利を目指し 必球必打のホームランスタンドめがけてぶちかませ 黒田哲史
45%
ファーム監督 男は今日もグランドで 勝利の反撃連打の山だやるぞ吠えろ(選手名) 燃えろ(選手名) 小関竜也
45%
ファーム投手コーチ 南十字のキラリと輝く 君は星だ走れよ砂漠を 若き獅子 渡辺智男
45%
二軍野手チーフコーチ ナンバーフォーティーエイト (選手名)今だ勝ち取るぞ お前の夢 ゴールデングラブ賞と 首位打者目指せ 辻󠄀竜太郎
45%
二軍野手コーチ みんなの夢乗せて 白球はどこまでも飛んでいく ひと振り決めろよ ホームラン(選手名) 赤田将吾
45%
二軍野手コーチ 目指し続けてきた 勝利への道のり今ここで示す (選手名) 大引啓次
45%
三軍野手コーチ 嵐を呼べ呼べ 勝利呼べ呼べここ一番で タイムリー 田邊徳雄
45%
ファーム投手コーチ 応援歌なし 土肥義弘
36%
ファーム投手コーチ 応援歌なし 榎田大樹
36%
二軍野手コーチ インサイドワークで 裏をかく度胸と技で 敵を振り回せ 野田浩輔
36%
二軍野手コーチ 打て打て打ち込め (選手名)パワーで打ち込めラララ… (選手名) 大島裕行
36%
ファーム投手コーチ 応援歌なし 青木勇人
27%
三軍チーフコーチ 応援歌なし 青木智史
27%
No matching quizzes found
Score Distribution
Percent of People with Each Score
Percentile by Number Answered
Your Score History
You have not taken this quiz